000
00234nam a2200097Ia 4500
005
20251222114409.0
008
251222s1900||||xx |||||||||||||| ||spa||
082
_a
DVD0124/D87/2003
245
0
_a
Queen: Greatest Video Hits 2:
942
_c
DVD
999
_c
1958
_d
1958